[Event "FRA-ch Youth U14 2019"]
[Site "Hyeres"]
[Date "2019.04.16"]
[Round "4.2"]
[White "Roux, Baptiste"]
[Black "Bottazzi, Ulysse"]
[Result "1-0"]
[WhiteElo "2054"]
[BlackElo "1967"]
[Annotator "NA"]
[PlyCount "65"]
[EventDate "2019.04.14"]
[EventType "swiss"]
[EventCountry "FRA"]
[SourceTitle "playchess.com"]
[Source "ChessBase"]
[SourceQuality "1"]
[TimeControl "5400+30"]

1. e4 {[%emt 0:00:00]} c5 {[%emt 0:00:00]} 2. Nc3 {[%emt 0:00:14]} Nc6 {[%emt 0:00:17]} 3. Bb5 {[%emt 0:00:29]} Nd4 {[%emt 0:01:01]} 4. Nf3 {[%emt 0:00:13]} g6 {[%emt 0:06:07]} 5. Nxd4 {[%emt 0:01:38]} cxd4 {[%emt 0:00:14]} 6. Ne2 {[%emt 0:00:20]} Bg7 {[%emt 0:01:03]} 7. O-O {[%emt 0:00:58]} e6 {[%emt 0:06:43]} 8. f4 {[%emt 0:15:17]} Ne7 {[%emt 0:01:17]} 9. d3 {[%emt 0:04:25]} O-O {[%emt 0:03:17]} 10. Ng3 {[%emt 0:04:30]} d5 {[%emt 0:11:03]} 11. e5 {[%emt 0:05:06]} Qa5 {[%emt 0:01:52]} 12. c4 {[%emt 0:02:33]} dxc3 {[%emt 0:01:12]} 13. Ba4 {[%emt 0:00:20]} cxb2 {[%emt 0:00:48]} 14. Bxb2 {[%emt 0:00:07]} b5 {[%emt 0:08:16]} 15. Bb3 {[%emt 0:01:02]} Qb6+ {[%emt 0:00:51]} 16. d4 {[%emt 0:01:33]} a5 {[%emt 0:01:58]} 17. Rb1 {[%emt 0:03:13]} Ba6 {[%emt 0:01:59]} 18. Rf3 {[%emt 0:03:40]} Rac8 {[%emt 0:03:29]} 19. Ne2 {[%emt 0:06:32]} b4 {[%emt 0:07:18]} 20. g4 {[%emt 0:02:20]} Rc7 {[%emt 0:12:35]} 21. Kg2 {[%emt 0:05:22]} Rfc8 {[%emt 0:02:48]} 22. Ng3 {[%emt 0:01:36]} Bc4 {[%emt 0:00:30]} 23. f5 {[%emt 0:02:03]} Bxb3 {[%emt 0:00:23]} 24. axb3 {[%emt 0:00:10]} Rc2+ {[%emt 0:00:33]} 25. Kh1 {[%emt 0:00:02]} exf5 {[%emt 0:00:53]} 26. gxf5 {[%emt 0:00:20]} Nxf5 {[%emt 0:00:29]} 27. Nxf5 {[%emt 0:00:20]} gxf5 {[%emt 0:00:07]} 28. Qd3 {[%emt 0:01:01]} Qh6 {[%emt 0:01:59]} 29. Rh3 {[%emt 0:00:26]} Qd2 {[%emt 0:01:02]} 30. Qg3 {[%emt 0:00:28]} Rxb2 {[%emt 0:00:16]} 31. Rg1 {[%emt 0:00:11]} Kf8 {[%emt 0:03:03]} 32. Qxg7+ {[%emt 0:00:07]} Ke8 {[%emt 0:01:53]} 33. Rxh7 {[%emt 0:01:17]} 1-0

[Event "FRA-ch Youth U14 2019"]
[Site "Hyeres"]
[Date "2019.04.16"]
[Round "4.3"]
[White "Gresser, Baptiste"]
[Black "Auroux, William"]
[Result "0-1"]
[WhiteElo "1574"]
[BlackElo "1983"]
[Annotator "NA"]
[PlyCount "72"]
[EventDate "2019.04.14"]
[EventType "swiss"]
[EventCountry "FRA"]
[SourceTitle "playchess.com"]
[Source "ChessBase"]
[SourceQuality "1"]
[TimeControl "5400+30"]

1. e4 {[%emt 0:00:00]} g6 {[%emt 0:00:00]} 2. d4 {[%emt 0:00:45]} Bg7 {[%emt 0:00:00]} 3. Nc3 {[%emt 0:02:14]} d6 {[%emt 0:00:00]} 4. Bc4 {[%emt 0:03:33]} Nf6 {[%emt 0:01:09]} 5. Bg5 {[%emt 0:09:09]} O-O {[%emt 0:02:31]} 6. Nf3 {[%emt 0:02:23]} Nc6 {[%emt 0:03:23]} 7. Qd2 {[%emt 0:02:26]} Nxe4 {[%emt 0:06:51]} 8. Nxe4 {[%emt 0:17:41]} d5 {[%emt 0:00:18]} 9. Bd3 {[%emt 0:01:09]} dxe4 {[%emt 0:00:59]} 10. Bxe4 {[%emt 0:00:43]} Re8 {[%emt 0:08:21]} 11. O-O-O {[%emt 0:04:23]} Bg4 {[%emt 0:06:03]} 12. c3 {[%emt 0:05:51]} a5 {[%emt 0:03:30]} 13. h3 {[%emt 0:01:50]} Bxf3 {[%emt 0:00:59]} 14. Bxf3 {[%emt 0:09:34]} Qd7 {[%emt 0:06:52]} 15. Bh6 {[%emt 0:06:41]} Rad8 {[%emt 0:06:05]} 16. Bxg7 {[%emt 0:01:21]} Kxg7 {[%emt 0:00:10]} 17. h4 {[%emt 0:02:58]} h6 {[%emt 0:24:55]} 18. Rh3 {[%emt 0:08:44]} e5 {[%emt 0:05:09]} 19. h5 {[%emt 0:04:46]} g5 {[%emt 0:01:02]} 20. d5 {[%emt 0:03:47]} Ne7 {[%emt 0:03:03]} 21. Qe2 {[%emt 0:04:46]} Nc8 {[%emt 0:02:46]} 22. Rhh1 {[%emt 0:02:48]} e4 {[%emt 0:06:40]} 23. Bg4 {[%emt 0:02:41]} f5 {[%emt 0:00:13]} 24. Bh3 {[%emt 0:00:41]} g4 {[%emt 0:00:30]} 25. Bxg4 {[%emt 0:00:39]} fxg4 {[%emt 0:00:02]} 26. Rh4 {[%emt 0:00:02]} Nd6 {[%emt 0:03:04]} 27. Rxg4+ {[%emt 0:00:11]} Kh7 {[%emt 0:00:42]} 28. Rg6 {[%emt 0:01:00]} Rg8 {[%emt 0:00:56]} 29. Rh1 {[%emt 0:00:47]} Qf5 {[%emt 0:01:30]} 30. Re6 {[%emt 0:00:55]} Rd7 {[%emt 0:01:31]} 31. Qe3 {[%emt 0:00:29]} Qg5 {[%emt 0:01:28]} 32. Qxg5 {[%emt 0:00:17]} Rxg5 {[%emt 0:00:08]} 33. g3 {[%emt 0:00:11]} Rxd5 {[%emt 0:00:14]} 34. Rh4 {[%emt 0:00:15]} Rf7 {[%emt 0:00:58]} 35. Rf4 {[%emt 0:00:47]} Rxf4 {[%emt 0:01:00]} 36. gxf4 {[%emt 0:00:01]} Rf5 {[%emt 0:00:23]} 0-1

[Event "FRA-ch Youth U14 2019"]
[Site "Hyeres"]
[Date "2019.04.16"]
[Round "4.4"]
[White "Razafindratsima, Timothe"]
[Black "Verhille, Elie"]
[Result "1-0"]
[WhiteElo "2181"]
[BlackElo "1960"]
[Annotator "NA"]
[PlyCount "91"]
[EventDate "2019.04.14"]
[EventType "swiss"]
[EventCountry "FRA"]
[SourceTitle "playchess.com"]
[Source "ChessBase"]
[SourceQuality "1"]
[TimeControl "5400+30"]

1. e4 {[%emt 0:00:00]} e6 {[%emt 0:00:00]} 2. d4 {[%emt 0:00:00]} d5 {[%emt 0:00:00]} 3. Nd2 {[%emt 0:00:12]} Nf6 {[%emt 0:00:00]} 4. e5 {[%emt 0:00:09]} Nfd7 {[%emt 0:00:00]} 5. Bd3 {[%emt 0:00:11]} c5 {[%emt 0:00:00]} 6. c3 {[%emt 0:00:09]} Nc6 {[%emt 0:00:01]} 7. Ngf3 {[%emt 0:00:09]} g6 {[%emt 0:01:00]} 8. h4 {[%emt 0:00:53]} h6 {[%emt 0:00:07]} 9. Nf1 {[%emt 0:01:42]} Bg7 {[%emt 0:00:13]} 10. Ng3 {[%emt 0:00:11]} Rb8 {[%emt 0:04:56]} 11. Qe2 {[%emt 0:05:20]} a5 {[%emt 0:05:24]} 12. h5 {[%emt 0:05:46]} g5 {[%emt 0:01:31]} 13. Be3 {[%emt 0:00:41]} a4 {[%emt 0:20:01]} 14. O-O {[%emt 0:03:49]} Qa5 {[%emt 0:03:33]} 15. Nh2 {[%emt 0:08:18]} b5 {[%emt 0:03:06]} 16. f4 {[%emt 0:12:46]} b4 {[%emt 0:17:19]} 17. fxg5 {[%emt 0:15:12]} bxc3 {[%emt 0:07:33]} 18. gxh6 {[%emt 0:14:30]} Bxe5 {[%emt 0:08:34]} 19. dxe5 {[%emt 0:04:20]} Ndxe5 {[%emt 0:01:32]} 20. bxc3 {[%emt 0:11:15]} Qxc3 {[%emt 0:02:45]} 21. Rac1 {[%emt 0:05:57]} Qxd3 {[%emt 0:00:58]} 22. Rxc5 {[%emt 0:00:01]} Qxe2 {[%emt 0:01:25]} 23. Nxe2 {[%emt 0:00:01]} Ba6 {[%emt 0:02:19]} 24. Re1 {[%emt 0:01:18]} Kd7 {[%emt 0:02:28]} 25. Nd4 {[%emt 0:09:40]} Nxd4 {[%emt 0:03:46]} 26. Bxd4 {[%emt 0:00:00]} Nd3 {[%emt 0:00:06]} 27. Bxh8 {[%emt 0:00:00]} Rxh8 {[%emt 0:00:00]} 28. Ra5 {[%emt 0:00:00]} Nxe1 {[%emt 0:00:22]} 29. Rxa6 {[%emt 0:00:00]} Rxh6 {[%emt 0:00:33]} 30. Ng4 {[%emt 0:00:00]} Rh8 {[%emt 0:00:31]} 31. h6 {[%emt 0:00:00]} Nd3 {[%emt 0:05:24]} 32. Ra7+ {[%emt 0:00:00]} Kd6 {[%emt 0:02:19]} 33. Rxf7 {[%emt 0:00:00]} Nb4 {[%emt 0:01:03]} 34. h7 {[%emt 0:00:00]} e5 {[%emt 0:01:17]} 35. Nf6 {[%emt 0:00:00]} Ke6 {[%emt 0:00:32]} 36. Rf8 {[%emt 0:00:00]} Rxf8 {[%emt 0:00:37]} 37. Ng8 {[%emt 0:00:00]} Kf7 {[%emt 0:02:04]} 38. h8=Q {[%emt 0:00:00]} Rxg8 {[%emt 0:00:05]} 39. Qxe5 {[%emt 0:00:00]} Nxa2 {[%emt 0:01:03]} 40. Qxd5+ {[%emt 0:00:00]} Kg7 {[%emt 0:00:08]} 41. Qxa2 {[%emt 0:00:00]} Rf8 {[%emt 0:00:26]} 42. Qxa4 {[%emt 0:00:00]} Rf6 {[%emt 0:00:11]} 43. g4 {[%emt 0:00:00]} Kg6 {[%emt 0:00:09]} 44. Kg2 {[%emt 0:00:00]} Kg5 {[%emt 0:00:35]} 45. Kg3 {[%emt 0:00:00]} Rc6 {[%emt 0:00:13]} 46. Qb5+ {[%emt 0:00:00]} 1-0

[Event "FRA-ch Youth U14 2019"]
[Site "Hyeres"]
[Date "2019.04.17"]
[Round "5.1"]
[White "Droin, Augustin"]
[Black "Roux, Baptiste"]
[Result "1-0"]
[WhiteElo "2088"]
[BlackElo "2054"]
[Annotator "NA RC"]
[PlyCount "117"]
[EventDate "2019.04.14"]
[EventType "swiss"]
[EventCountry "FRA"]
[SourceTitle "playchess.com"]
[Source "ChessBase"]
[SourceQuality "1"]
[TimeControl "5400+30"]

1. e4 {[%emt 0:00:00]} c5 {[%emt 0:00:00]} 2. Nf3 {[%emt 0:00:00]} a6 {[%emt 0:00:05]} 3. c3 {[%emt 0:03:42]} d5 {[%emt 0:00:16]} 4. exd5 {[%emt 0:01:08]} Qxd5 {[%emt 0:00:09]} 5. d4 {[%emt 0:00:04]} e6 {[%emt 0:00:35]} 6. Bd3 {[%emt 0:01:54]} Nc6 {[%emt 0:11:18]} 7. dxc5 {[%emt 0:01:33]} Bxc5 {[%emt 0:00:52]} 8. Qe2 {[%emt 0:00:42]} Nf6 {[%emt 0:03:23]} 9. Bg5 {[%emt 0:03:11]} Ng4 {[%emt 0:19:14]} 10. Bh4 {[%emt 0:02:07]} Nge5 {[%emt 0:09:59]} 11. Be4 {[%emt 0:02:55]} Nxf3+ {[%emt 0:03:11]} 12. Qxf3 {[%emt 0:00:46]} Qd7 {[%emt 0:03:08]} 13. O-O {[%emt 0:02:05]} f5 {[%emt 0:08:52]} 14. Bxc6 {[%emt 0:00:39]} Qxc6 {[%emt 0:01:50]} 15. Qxc6+ {[%emt 0:00:43]} bxc6 {[%emt 0:00:01]} 16. Rd1 {[%emt 0:00:41]} Bb7 {[%emt 0:08:19]} 17. b4 {[%emt 0:01:03]} Be7 {[%emt 0:01:06]} 18. Bxe7 {[%emt 0:00:17]} Kxe7 {[%emt 0:00:01]} 19. Nd2 {[%emt 0:01:01]} Rhd8 {[%emt 0:07:45]} 20. Nb3 {[%emt 0:00:45]} Rxd1+ {[%emt 0:01:03]} 21. Rxd1 {[%emt 0:00:14]} Rd8 {[%emt 0:00:18]} 22. Rxd8 {[%emt 0:00:26]} Kxd8 {[%emt 0:00:01]} 23. Nc5 {[%emt 0:00:25]} Bc8 {[%emt 0:00:06]} 24. f4 {[%emt 0:00:30]} Kc7 {[%emt 0:00:18]} 25. Kf2 {[%emt 0:04:13]} Kd6 {[%emt 0:03:49]} 26. Nd3 {[%emt 0:04:55]} Kd5 {[%emt 0:03:33]} 27. Ke3 {[%emt 0:00:19]} Kc4 {[%emt 0:01:53]} 28. Kd2 {[%emt 0:00:35]} Kd5 {[%emt 0:00:50]} 29. g3 {[%emt 0:01:03]} Ke4 {[%emt 0:03:44]} 30. Ke2 {[%emt 0:04:23]} Kd5 {[%emt 0:00:25]} 31. Ne5 {[%emt 0:00:41]} c5 {[%emt 0:02:50]} 32. Kd3 {[%emt 0:00:18]} cxb4 {[%emt 0:00:26]} 33. cxb4 {[%emt 0:00:05]} Bb7 {[%emt 0:03:17]} 34. h4 {[%emt 0:00:44]} h6 {[%emt 0:00:22]} 35. Nc4 {[%emt 0:01:08]} Bc6 {[%emt 0:00:49]} 36. Nb6+ {[%emt 0:00:33]} Kd6 {[%emt 0:00:01]} 37. Kd4 {[%emt 0:00:08]} Be4 {[%emt 0:01:47]} 38. a4 {[%emt 0:01:01]} Bc2 {[%emt 0:00:59]} 39. b5 {[%emt 0:00:43]} Kc7 {[%emt 0:02:02]} 40. Kc5 {[%emt 0:00:24]} axb5 {[%emt 0:00:26]} 41. axb5 {[%emt 0:00:07]} Be4 {[%emt 0:00:45]} 42. Nc4 {[%emt 0:00:07]} Kd7 {[%emt 0:00:17]} 43. Ne5+ {[%emt 0:00:43]} Ke7 {[%emt 0:00:24]} 44. b6 {[%emt 0:00:48]} Bb7 {[%emt 0:01:31]} 45. Nc4 {[%emt 0:00:26]} g5 {[%emt 0:00:00]} 46. Nd6 {[%emt 0:00:51]} gxh4 {[%emt 0:01:00]} 47. gxh4 {[%emt 0:00:04]} Bd5 {[%emt 0:00:00]} 48. b7 {[%emt 0:00:24]} Bxb7 {[%emt 0:00:00]} 49. Nxb7 {[%emt 0:00:05]} Kf6 {[%emt 0:00:01]} 50. Kd6 {[%emt 0:00:04]} Kg6 {[%emt 0:00:18]} 51. Kxe6 {[%emt 0:00:13]} Kh5 {[%emt 0:00:05]} 52. Kxf5 {[%emt 0:00:11]} Kxh4 {[%emt 0:00:07]} 53. Kg6 {[%emt 0:00:03]} Kg4 {[%emt 0:00:10]} 54. f5 {[%emt 0:00:03]} h5 {[%emt 0:00:05]} 55. f6 {[%emt 0:00:03]} h4 {[%emt 0:00:08]} 56. f7 {[%emt 0:00:06]} h3 {[%emt 0:00:08]} 57. f8=Q {[%emt 0:00:04]} Kg3 {[%emt 0:00:08]} 58. Qf1 {[%emt 0:00:22]} Kh2 {[%emt 0:00:09]} 59. Nc5 {[%emt 0:00:10]} 1-0

[Event "FRA-ch Youth U14 2019"]
[Site "Hyeres"]
[Date "2019.04.17"]
[Round "5.2"]
[White "Auroux, William"]
[Black "Razafindratsima, Timothe"]
[Result "1-0"]
[WhiteElo "1983"]
[BlackElo "2181"]
[Annotator "TA"]
[PlyCount "91"]
[EventDate "2019.04.14"]
[EventType "swiss"]
[EventCountry "FRA"]
[SourceTitle "playchess.com"]
[Source "ChessBase"]
[SourceQuality "1"]

{[%evp 10,90,19,0,1,0,0,-50,-11,-14,-1,-9,29,29,89,73,86,70,85,66,65,55,62,62,70,56,89,75,72,73,79,61,70,66,70,74,89,101,107,94,181,207,274,161,271,262,325,142,184,180,182,180,203,176,197,145,247,258,339,341,443,456,578,523,1304,1262,2347,1991,29989,29990,29994,29994,29994,29988,29988,29989,29987,29988,29997,29998,29998,29999,29999]} 1. d4 Nf6 2. c4 c5 3. Nf3 cxd4 4. Nxd4 Nc6 5. Nc3 Qb6 6. Nc2 e6 {A31: Symmetrical English: 2 Nf3 Nf6 3 d4} 7. e3 Be7 8. g3 $146 ({Predecessor:} 8. Be2 O-O 9. O-O d5 10. cxd5 Nxd5 11. Nxd5 exd5 12. Qxd5 Be6 13. Qb5 Qxb5 14. Bxb5 {½-½ (44) Bocharov,D (2583)-Timofeev,A (2563) Taganrog 2018}) 8... O-O {Black is slightly better.} 9. Bg2 Ne5 10. b3 Qa5 11. Qd2 d6 (11... d5 $11 {remains equal.}) 12. O-O Qc7 13. f4 Ng6 14. e4 Bd7 15. Bb2 a6 16. Rac1 b5 17. Ne3 b4 18. Ncd1 Rab8 19. Nf2 Rfd8 20. Rce1 Bc6 21. Neg4 Nxg4 22. Nxg4 h5 23. Ne3 h4 24. Qe2 $40 {[%mdl 128] White attacks with force.} hxg3 (24... Qa5 $16) 25. hxg3 $18 e5 {[#]} 26. f5 (26. Qh5 $142 $1) 26... Nh8 (26... Nf8 $142) 27. Qh5 f6 28. Ng4 (28. Bf3 $18 {has better winning chances.}) 28... Qa7+ 29. Rf2 Be8 30. Qh3 d5 31. exd5 Bc5 32. Bc1 ({White should play} 32. Kf1 $18) 32... Bxf2+ (32... Nf7 $16 33. Be3 Bxe3 34. Nxe3 (34. Rxe3 Qd4 $16) 34... Qd4) 33. Nxf2 Nf7 34. Be3 Qb7 35. Ne4 Qe7 36. Kf2 Ng5 37. Bxg5 fxg5 38. Rh1 Qa7+ 39. Ke2 {White mates.} Qd4 40. Qh7+ Kf7 41. Nxg5+ Kf6 42. Ne4+ Qxe4+ 43. Bxe4 Bd7 44. Qg6+ Ke7 45. d6+ Kf8 46. Rh8# {Accuracy: White = 65%, Black = 47%.} 1-0

[Event "FRA-ch Youth U14 2019"]
[Site "Hyeres"]
[Date "2019.04.17"]
[Round "5.3"]
[White "Nguyen-Cadoret, Nathan"]
[Black "Papadiamandis, Elliot"]
[Result "0-1"]
[WhiteElo "2211"]
[BlackElo "2157"]
[Annotator "TA"]
[PlyCount "105"]
[EventDate "2019.04.14"]
[EventType "swiss"]
[EventCountry "FRA"]
[SourceTitle "playchess.com"]
[Source "ChessBase"]
[SourceQuality "1"]

{[%evp 11,105,5,15,8,18,0,7,0,38,33,39,47,53,25,43,-24,36,35,60,76,151,156,137,97,96,80,153,173,186,198,218,108,73,0,0,0,64,58,71,14,16,20,106,-35,0,0,0,-6,0,-2,62,36,47,-46,-46,-80,-84,-91,-37,-41,-32,-108,-68,-73,-11,-5,0,-47,-42,-84,-37,-43,-39,-43,-43,-39,-43,-40,-29,-29,-29,-136,-109,-189,-72,-275,-106,-251,-268,-457,-404,-389,-384,-29992,-29993,-29997]} 1. d4 Nf6 2. c4 g6 3. Nf3 Bg7 4. g3 d5 5. cxd5 Nxd5 6. Bg2 Nb6 7. O-O {D71: Fianchetto Grünfeld: 3 g3 d5 sidelines and 5 cxd5 (without Nf3)} (7. Nc3 Nc6 8. e3 O-O 9. O-O a5 10. Qe2 e5 11. Nxe5 Nxe5 12. dxe5 Bxe5 13. e4 Qe7 14. f4 Bd4+ 15. Be3 Qc5 16. Bxd4 Qxd4+ 17. Qf2 Rd8 18. Qxd4 Rxd4 {1-0 (49) So,W (2780)-Wei,Y (2729) chess.com INT 2018}) 7... Nc6 {[%cal Rc6d4]} 8. Nc3 Nxd4 9. Nxd4 {The position is equal.} Bxd4 10. Qc2 {aiming for Rd1.} Bf5 11. e4 {[%mdl 1024] White has compensation.} Bd7 12. Bh6 c5 $146 ({Predecessor:} 12... e5 13. Ne2 Ba4 14. b3 Bxa1 15. bxa4 {1-0 (34) Nagy,G (2408)-Forcen Esteban,D (2479) Maribor 2012}) 13. Rfe1 (13. a4 $14) 13... Bc6 (13... e5 $1 $11) 14. Rad1 $14 Qd7 15. Ne2 Bb5 (15... Rg8 $142) 16. Nxd4 $16 cxd4 17. e5 d3 18. Qc3 {And now e6 would win.} Rg8 {[#]} (18... e6 $142) 19. e6 $1 {[%mdl 512]} fxe6 20. Bh3 Nd5 {[#]} 21. Qe5 (21. Qb3 $1 $18 {and the rest is easy.} Ba4 22. Qa3 Bxd1 23. Bxe6 {[%mdl 64] Double Attack}) 21... Nc7 22. Rc1 (22. Bf4 $16 Bc6 23. Bf1 (23. Qxc7 Qd5 $11) (23. Bxe6 Nxe6 24. Qxe6 Qxe6 $15)) 22... Bc6 $11 23. Red1 Qd5 (23... Kf7 $11) 24. Qxd5 $14 exd5 25. Rxd3 (25. Bf4 $16 Na6 26. Rxd3) 25... g5 $11 {Strongly threatening ...Rg6.} 26. Bg4 Kd8 (26... e6 $11) 27. Bf5 (27. Re3 $16) 27... Bd7 28. Bxd7 Kxd7 29. f4 Rg6 30. Bxg5 e6 (30... e5 $11) 31. Bh4 Rf8 32. Rd4 ({Better is} 32. Rdc3 $14 Rc8 33. Kf2) 32... Nb5 $15 33. Rb4 Nd6 34. Kh1 b6 (34... Rb8 $17 35. Ra4 a6) 35. Ra4 a5 36. b4 ({White should try} 36. Ra3 $1 $15) 36... Ra8 37. bxa5 b5 (37... bxa5 $17 38. Kg2 Nc4) 38. Ra3 $1 $11 Nc4 39. Rb3 Rxa5 40. Rc2 Rg8 41. Bf6 Rga8 42. Bc3 Rxa2 43. Rxa2 Rxa2 44. Rxb5 $15 {[%mdl 4096] Endgame KRB-KRN} Rc2 45. Bd4 Rd2 46. Bf6 (46. Ba7 $11) 46... Ne3 {[%cal Rd2d1]} 47. h3 (47. Kg1 $17 {keeps fighting.}) 47... Kc6 (47... Rd1+ $19 {is more deadly.} 48. Kh2 d4 49. Bxd4 Rxd4 50. Rb7+ Kd6) 48. Rb2 $2 {[#]} (48. Rb3 $17 Nc4 49. Rb4) 48... Rd1+ $1 $19 49. Kh2 d4 50. Re2 $2 (50. g4 {is a better defense.}) 50... Kd5 51. g4 Ke4 52. Ra2 $2 (52. Bxd4 $19 Rxd4 53. Kg3) 52... Kf3 53. g5 {Accuracy: White = 41%, Black = 46%.} 0-1

[Event "FRA-ch Youth U14 2019"]
[Site "Hyeres"]
[Date "2019.04.17"]
[Round "5.4"]
[White "Maugenest, Ghislain"]
[Black "Brehaut, Carl"]
[Result "1-0"]
[WhiteElo "2167"]
[BlackElo "1861"]
[Annotator "TA"]
[PlyCount "131"]
[EventDate "2019.04.14"]
[EventType "swiss"]
[EventCountry "FRA"]
[SourceTitle "playchess.com"]
[Source "ChessBase"]
[SourceQuality "1"]

{[%evp 14,131,0,0,0,0,0,0,20,-12,-16,-60,-15,-86,-85,-98,-68,-115,-114,-139,-129,-120,-116,-126,-125,-120,-55,-83,-37,-47,-54,-45,-37,-36,-37,-35,-37,-75,-74,-77,0,0,0,0,119,117,163,163,152,145,166,164,340,353,361,352,345,351,345,304,363,364,381,373,537,537,537,457,525,485,526,525,493,500,641,644,654,649,609,644,616,617,828,821,821,821,807,797,772,749,770,699,1593,1552,1301,1367,4837,1107,1785,763,735,1556,29981,29982,29982,29983,29987,29982,29981,29979,29985,29986,29986,29987,29987,29988,29988,29989,29989,29990]} 1. d4 Nf6 2. c4 e6 3. Nc3 Bb4 4. Qc2 b6 5. Bg5 h6 6. Bh4 Bb7 7. a3 Bxc3+ 8. Qxc3 d6 {E32: Nimzo-Indian: Classical (4 Qc2): 4...0-0} (8... g5 9. Bg3 Ne4 10. Qc2 d6 11. f3 Nxg3 12. hxg3 f5 13. g4 Qf6 14. gxf5 exf5 15. e3 Nc6 16. Bd3 {0-1 (37) Karpov,A (2626)-Timman,J (2578) Platja d'Aro 2017}) 9. e3 Nbd7 {[%cal Bb8d7,Bd7c5,Bc5d3][%mdl 32]} 10. f3 Qe7 {The position is equal.} 11. Bf2 O-O $146 ({Predecessor:} 11... e5 12. e4 exd4 13. Bxd4 O-O 14. O-O-O a5 15. Ne2 c6 16. Ng3 {1-0 (27) Nikitin,A (2410)-Zhang Yushkov,N (2210) Novosibirsk 1998}) 12. Bd3 c5 13. dxc5 (13. Ne2 $11) 13... Nxc5 $17 14. Ne2 d5 15. O-O Rac8 16. Rac1 Nxd3 17. Qxd3 dxc4 18. Qc2 Rfd8 19. Rfd1 Rd7 (19... Nd7 $17 20. Bg3 Qg5) 20. Qa4 Rdc7 21. Rd4 {[%cal Rd4c4]} Bc6 22. Qb4 {Threatens to win with Qxe7.} Qxb4 23. axb4 Be8 24. Bg3 Rd7 25. Ra1 Rxd4 26. Nxd4 c3 ({Black should try} 26... Nd5 $17 27. b5 Nxe3) 27. bxc3 $11 Rxc3 28. Kf2 $1 Nd7 (28... Rc8 $11 {remains equal.}) 29. Rxa7 $16 {aiming for Ra8.} e5 30. Nf5 $1 Rc2+ 31. Kf1 Rc1+ 32. Ke2 $1 {And now Ra8 would win.} Nf8 $2 (32... Kf8 {is a better defense.}) 33. Kd2 $18 ({Don't take} 33. Bxe5 Bd7 $18) 33... Rg1 34. Ne7+ (34. Bxe5 Rxg2+ 35. Kc3 f6 $16) 34... Kh7 {[#]} 35. Ra8 $1 Rxg2+ 36. Kc3 Bb5 37. Rxf8 Re2 38. Nd5 Bc6 (38... f6 $142 39. Rb8 Bc6) 39. e4 f6 40. Rc8 Bb5 41. Rb8 Ba4 42. Rxb6 Rc2+ 43. Kd3 Rc1 44. Nc3 Bb3 45. f4 exf4 46. Bxf4 Rf1 47. Be3 Rh1 48. Rc6 Rxh2 49. b5 Rb2 50. b6 Bc2+ 51. Kc4 h5 52. Rd6 h4 53. Rd2 h3 54. Bg1 g5 {[#]} 55. Kc5 (55. Rxc2 $142 $1 Rxc2 56. b7) 55... g4 56. Bh2 (56. Nb5 $142) 56... Kg6 57. Nb5 (57. Nd5 $142) 57... Rxb5+ 58. Kxb5 {White mates.} Bxe4 59. Kc5 f5 60. Bf4 Kf6 61. Kd6 Bf3 62. Kc7 Ke6 63. b7 Bxb7 64. Kxb7 Kf6 65. Rd6+ Kf7 66. Kc6 {Accuracy: White = 64%, Black = 31%.} 1-0